000 00758nam a2200169 a 4500
008 120416s1946 ||||||||||||||||| || u
050 _aBP 109 Kor
100 _aAli, Abdullah Yusuf
245 1 4 _aThe holy Qur'an
_cTranslation and commentary by Abdullah Yusuf Ali
246 _aKoran, English and Arabic
260 _aTeheran
_bIslamic Propagation Centre
_c1946
300 _alviii, 1862 pages
350 _a0.00
650 _aISLAM
995 _aMAIN LIBRARY OPEN ACCESS
_D0.00
_e722011
_FCBU-MAIN LIBRARY (Kitwe)
_H1
_I0.00
_jBP 109 KOR
_M2
_UAVAILABLE
_WMay 27, 2010
_y001124
_ZMain Library Open Access Collection
995 _aBINDERY (DAMAGED)
_D0.00
_e722006
_FCBU-MAIN LIBRARY (Kitwe)
_H1
_I15.95
_jBP 109 Kor
_M1
_UDAMAGED
_y001123
_ZMain Library Open Access Collection
999 _c76331
_d76331